| 000 | 01239nam a22002537a 4500 | ||
|---|---|---|---|
| 008 | 171104s2004 gw||||| |||| 00| 0 ger d | ||
| 020 | _a3775714227 | ||
| 082 | 0 | 4 |
_a709.2 _bB493p |
| 100 | 1 |
_aBerg, Stephan. _96088 |
|
| 245 |
_aPeter Kogler / _cedición por Stephan Berg. |
||
| 250 | _a1a edición. | ||
| 260 |
_aAlemania : _bHatje Cantz, _c2004. |
||
| 300 |
_a188 páginas : _bilustraciones en color. |
||
| 500 | _aCatálogo publicado con motivo a la exposición itinerante "Peter Kogler", presentada en: -Kunstverein Hannover, del 24 de mayo al 20 de junio -Galerie im Taxispalais, del 11 del julio al 7 de noviembre de 2004 -Centre Régional d'Art Contemporain Languedoc-Roussillon, del 15 de mayo al 26 de junio de 2005. | ||
| 505 | 0 |
_tZwischen entköperung und verköperung / Between disembodiment and embodiment _rStephan Berg. _tForm follows fear follows fun _rSilvia Eiblmayr. _tDas unendliche undsoweiter / The unending etcetera _rBoris Groys. |
|
| 653 | 1 | 0 | _aArte contemporáneo |
| 653 | 1 | 0 | _aCatálogo de exhibición |
| 653 | 1 | 0 | _aExhibiciones itinerantes |
| 653 | 1 | 0 | _aBiografías artísticas |
| 653 | 1 | 0 | _aInstalación |
| 653 | 1 | 0 | _aEspacios virtuales |
| 653 | 1 | 0 | _aArte - Alemania |
| 653 | 1 | 0 | _aArte de los nuevos medios |
| 999 |
_c1352 _d1352 |
||